| Поле | Название | Значение |
| |
Тип записи |
a |
| |
Библиографический уровень |
a |
| 001 |
Контрольный номер |
UONB/MAIN/ffcf4655c06f4acd8edd45aa25788ed7 |
| 005 |
Дата корректировки |
20260408114928.5 |
| 100 |
Данные общей обработки |
__ |
| a |
Данные общей обработки |
20260408 ||| 0rusy0189 ca |
| 101 |
Язык документа |
0_ |
| a |
Язык текста |
rus |
| 102 |
Страна публикации |
__ |
| a |
Страна публикации |
RU |
| 200 |
Заглавие и сведения об ответственности |
1_ |
| a |
Заглавие |
Проект "Дети в науке" |
| f |
Первые сведения об ответственности |
О. А. Кабанова |
| 203 |
Вид содержания и тип средства |
__ |
| a |
Вид содержания |
Текст |
| c |
Тип средства |
непосредственный |
| 215 |
Физическое описание |
__ |
| c |
Иллюстрации/тип воспроизводства |
ил. |
| 225 |
Серия |
1_ |
| a |
Серия |
Воспитание дошкольников |
| 225 |
Серия |
1_ |
| a |
Серия |
Педагогические проекты |
| 330 |
Аннотация |
__ |
| a |
Аннотация |
Проектная деятельность и олимпиады для детей дошкольного возраста - важный этап развития, способствующий формированию ключевых компетенций и личностных качеств. Автор описывает региональные мероприятия проекта "Дети в науке", направленного на улучшение естественно-научной подготовки, развитие творческих способностей, познавательного интереса и коммуникативных навыков дошкольников. |
| 333 |
Примечание о целевом назначении |
__ |
| a |
Примечание о целевом назначении |
0+ |
| 461 |
Уровень набора |
_0 |
| 1 |
|
2000 |
| a |
|
Дошкольное воспитание |
| 1 |
|
011 |
| a |
|
0012-561X |
| 463 |
Уровень физической единицы |
_0 |
| 1 |
|
2000 |
| a |
|
№ 1 |
| v |
|
С. 46-48 |
| 1 |
|
2101 |
| d |
|
2026 |
| 1 |
|
001UONB/MAIN/90fe6499ba09496fbb99bb4080cff8e6 |
| 605 |
Заглавие как предмет |
__ |
| a |
Заглавие |
Дети в науке |
| l |
Подзаголовок формы |
педагогический проект |
| 606 |
Тематические рубрики |
0_ |
| a |
Основная рубрика |
Образование. Педагогика |
| 606 |
Тематические рубрики |
0_ |
| a |
Основная рубрика |
Дошкольная педагогика |
| 610 |
Ключевые слова |
0_ |
| a |
Ключевые слова |
дошкольники |
| 610 |
Ключевые слова |
0_ |
| a |
Ключевые слова |
дети дошкольного возраста |
| 610 |
Ключевые слова |
0_ |
| a |
Ключевые слова |
старшие дошкольники |
| 610 |
Ключевые слова |
0_ |
| a |
Ключевые слова |
старший дошкольный возраст |
| 610 |
Ключевые слова |
0_ |
| a |
Ключевые слова |
проектная деятельность |
| 610 |
Ключевые слова |
0_ |
| a |
Ключевые слова |
олимпиады для дошкольников |
| 610 |
Ключевые слова |
0_ |
| a |
Ключевые слова |
образовательные технологии |
| 610 |
Ключевые слова |
0_ |
| a |
Ключевые слова |
научно-техническое творчество |
| 610 |
Ключевые слова |
0_ |
| a |
Ключевые слова |
фестивали |
| 610 |
Ключевые слова |
0_ |
| a |
Ключевые слова |
естественно-научные знания |
| 610 |
Ключевые слова |
0_ |
| a |
Ключевые слова |
педагогические проекты |
| 610 |
Ключевые слова |
0_ |
| a |
Ключевые слова |
научные проекты |
| 610 |
Ключевые слова |
0_ |
| a |
Ключевые слова |
естествознание в дошкольных учреждениях |
| 686 |
Индексы других классификаций |
__ |
| 2 |
Код системы |
rubbk |
| 700 |
Автор |
_1 |
| a |
Фамилия |
Кабанова |
| b |
Имя (инициалы) |
О. А. |
| g |
Полное личное имя |
Ольга Алексеевна |
| 4 |
Код отношения |
070 |
| c |
Титул (звания) |
руководитель направления по развитию образовательных проектов |
| p |
Наименование/ адрес организации |
ООО "Научные развлечения" (г. Москва) |
| 801 |
Источник записи |
_0 |
| a |
Страна |
RU |
| b |
Организация |
Ульяновская ОНБ |
| c |
Дата составления |
20230614 |
| g |
Правила каталогизации |
RCR |
| 801 |
Источник записи |
_1 |
| a |
Страна |
RU |
| b |
Организация |
Ульяновская ОНБ |
| c |
Дата составления |
20230614 |
| g |
Правила каталогизации |
RCR |
| 901 |
Тип документа |
__ |
| t |
Тип документа |
b |
| w |
Контрольный № источника |
UONB/MAIN/90fe6499ba09496fbb99bb4080cff8e6 |